<?xml version="1.0" encoding="UTF-8"?>
<record
    xmlns:xsi="http://www.w3.org/2001/XMLSchema-instance"
    xsi:schemaLocation="http://www.loc.gov/MARC21/slim http://www.loc.gov/standards/marcxml/schema/MARC21slim.xsd"
    xmlns="http://www.loc.gov/MARC21/slim">

  <leader>00588nam a2200181Ia 4500</leader>
  <controlfield tag="008">230718s9999    xx            000 0 und d</controlfield>
  <datafield tag="020" ind1=" " ind2=" ">
    <subfield code="a">9789332518414</subfield>
  </datafield>
  <datafield tag="041" ind1=" " ind2=" ">
    <subfield code="a">eng</subfield>
  </datafield>
  <datafield tag="082" ind1=" " ind2=" ">
    <subfield code="a">006.35</subfield>
    <subfield code="b">JUR</subfield>
  </datafield>
  <datafield tag="100" ind1=" " ind2=" ">
    <subfield code="a">Jurafsky D.</subfield>
    <subfield code="9">162542</subfield>
  </datafield>
  <datafield tag="245" ind1=" " ind2=" ">
    <subfield code="a">Speech And Language Processing </subfield>
    <subfield code="b">An Introduction To Natural Language Processing, Computational Lingusitics, And Speech Recognition</subfield>
  </datafield>
  <datafield tag="250" ind1=" " ind2=" ">
    <subfield code="a">2nd ed.</subfield>
  </datafield>
  <datafield tag="260" ind1=" " ind2=" ">
    <subfield code="c">2014</subfield>
    <subfield code="b">Pearson</subfield>
  </datafield>
  <datafield tag="300" ind1=" " ind2=" ">
    <subfield code="a">940</subfield>
  </datafield>
  <datafield tag="365" ind1=" " ind2=" ">
    <subfield code="c">Rs.</subfield>
    <subfield code="b">970.00</subfield>
  </datafield>
  <datafield tag="700" ind1=" " ind2=" ">
    <subfield code="a">Jurafsky D. &amp; Martin J.H.</subfield>
    <subfield code="9">196151</subfield>
  </datafield>
  <datafield tag="906" ind1=" " ind2=" ">
    <subfield code="d">O:0394012-Jun-2014B:559608-Apr-2014</subfield>
    <subfield code="c">ME ETC</subfield>
    <subfield code="b">194</subfield>
  </datafield>
  <datafield tag="999" ind1=" " ind2=" ">
    <subfield code="c">336405</subfield>
    <subfield code="d">336405</subfield>
  </datafield>
  <datafield tag="952" ind1=" " ind2=" ">
    <subfield code="0">0</subfield>
    <subfield code="1">0</subfield>
    <subfield code="4">0</subfield>
    <subfield code="7">0</subfield>
    <subfield code="a">CCEP</subfield>
    <subfield code="b">CCEP</subfield>
    <subfield code="d">2014-06-12</subfield>
    <subfield code="e">Technical Book Services</subfield>
    <subfield code="f">ME ETC</subfield>
    <subfield code="g">776.00</subfield>
    <subfield code="i">5596</subfield>
    <subfield code="l">6</subfield>
    <subfield code="o">006.35</subfield>
    <subfield code="p">CCEP-BK-47612</subfield>
    <subfield code="r">2024-05-27 00:00:00</subfield>
    <subfield code="s">2024-04-16</subfield>
    <subfield code="t">194</subfield>
    <subfield code="v">970.00</subfield>
    <subfield code="w">2014-04-08</subfield>
    <subfield code="y">BK</subfield>
    <subfield code="z">047612</subfield>
  </datafield>
  <datafield tag="952" ind1=" " ind2=" ">
    <subfield code="0">0</subfield>
    <subfield code="1">0</subfield>
    <subfield code="2">ddc</subfield>
    <subfield code="4">0</subfield>
    <subfield code="7">0</subfield>
    <subfield code="a">CCEP</subfield>
    <subfield code="b">CCEP</subfield>
    <subfield code="d">2024-02-15</subfield>
    <subfield code="e">63</subfield>
    <subfield code="g">963.75</subfield>
    <subfield code="l">2</subfield>
    <subfield code="o">006.35 JUR</subfield>
    <subfield code="p">CCEP-BK-66382</subfield>
    <subfield code="q">2026-06-30</subfield>
    <subfield code="r">2026-01-08 12:52:19</subfield>
    <subfield code="s">2026-01-08</subfield>
    <subfield code="v">1285.00</subfield>
    <subfield code="w">2024-02-15</subfield>
    <subfield code="y">BK</subfield>
  </datafield>
  <datafield tag="952" ind1=" " ind2=" ">
    <subfield code="0">0</subfield>
    <subfield code="1">0</subfield>
    <subfield code="2">ddc</subfield>
    <subfield code="4">0</subfield>
    <subfield code="7">0</subfield>
    <subfield code="a">CCEP</subfield>
    <subfield code="b">CCEP</subfield>
    <subfield code="d">2024-03-21</subfield>
    <subfield code="e">63</subfield>
    <subfield code="g">993.75</subfield>
    <subfield code="l">1</subfield>
    <subfield code="o">006.35 JUR</subfield>
    <subfield code="p">CCEP-BK-67012</subfield>
    <subfield code="r">2024-05-24 00:00:00</subfield>
    <subfield code="s">2024-04-16</subfield>
    <subfield code="v">1325.00</subfield>
    <subfield code="w">2024-03-21</subfield>
    <subfield code="y">BK</subfield>
  </datafield>
  <datafield tag="952" ind1=" " ind2=" ">
    <subfield code="0">0</subfield>
    <subfield code="1">0</subfield>
    <subfield code="2">ddc</subfield>
    <subfield code="4">0</subfield>
    <subfield code="7">0</subfield>
    <subfield code="a">CCEP</subfield>
    <subfield code="b">CCEP</subfield>
    <subfield code="d">2024-03-21</subfield>
    <subfield code="e">63</subfield>
    <subfield code="g">993.75</subfield>
    <subfield code="l">1</subfield>
    <subfield code="o">006.35 JUR</subfield>
    <subfield code="p">CCEP-BK-67013</subfield>
    <subfield code="r">2024-05-24 00:00:00</subfield>
    <subfield code="s">2024-04-16</subfield>
    <subfield code="v">1325.00</subfield>
    <subfield code="w">2024-03-21</subfield>
    <subfield code="y">BK</subfield>
  </datafield>
</record>
